| 000 | 00362 a2200157 4500 | ||
|---|---|---|---|
| 001 | 72003 | ||
| 020 | _a8508068018 | ||
| 040 | _cAnchieta - Colégio São Paulo | ||
| 100 | _aRagache, Claude-Catherine | ||
| 240 | 1 | 0 |
_aAnimais fantásticos _lpor |
| 245 | 1 | 0 | _aAnimais fantásticos |
| 300 | _a48 | ||
| 362 | 0 | _a1998 | |
| 650 | 4 | _aLiteratura juvenil | |
| 942 | _cBK | ||
| 999 |
_c72003 _d72003 |
||